| 000 | 00549nam a22001577a 4500 | ||
|---|---|---|---|
| 003 | AUA.1 | ||
| 005 | 20260208114122.0 | ||
| 008 | 260208b |||||||| |||| 00| 0 eng d | ||
| 040 | _cJTL | ||
| 100 | _aManda, Rose Bubily Kamanga | ||
| 245 |
_aHealthcare workers perception on pandemic preparedness as a tertiary hospital in Southern Malawi / _cRose Bubily Kamanga Manda. |
||
| 260 | _cc2025. | ||
| 300 |
_aix, 86 leaves : _billustrations; _c30 cm. |
||
| 650 |
_aEmergency medical services _xMalawi |
||
| 942 |
_2aua _cTHESIS _hMPH _i.M36 2025 |
||
| 999 |
_c25309 _d25309 |
||